00533nam a22001937a 450000500170000001000110001702000100002803500110003803700160004904000120006508200110007710000120008824500450010026000370014527000380018230000270022065000550024765000370030220170124110113.0 a084843 c00.00 a084843 bCen Lib/Ret aDPLbEN aNbCOL aColette aMy mother's house and Sido /cby Colette bSecker and Warburgc1953aLondon a7 John Street, BloomburrybLondon axviii,219p. c18cm(Hb) aColette, -- 1873-1954 -- Translations into English aAutobiographical fiction, French